Las vírgenes fatuas / (Record no. 35022)

MARC details
000 -LEADER
campo de control de longitud fija 00436nam a2200157 i 4500
001 - NÚMERO DE CONTROL
campo de control 35022
003 - IDENTIFICADOR DE NÚMERO DE CONTROL
campo de control ES-MaACL
005 - FECHA Y HORA DE LA ÚLTIMA TRANSACCIÓN
campo de control 20230906155034.0
007 - CAMPO FIJO DE DESCRIPCIÓN FÍSICA--INFORMACIÓN GENERAL
campo de control de longitud fija t|
008 - DATOS DE LONGITUD FIJA--INFORMACIÓN GENERAL
campo de control de longitud fija 030211s1972 sp ||||1| spa d
100 1# - ENTRADA PRINCIPAL--NOMBRE DE PERSONA
Nombre de persona Bolarín, Andrés.
9 (RLIN) 29946
245 14 - MENCIÓN DEL TÍTULO
Título Las vírgenes fatuas /
Mención de responsabilidad, etc. Andrés Bolarín.
260 ## - PUBLICACIÓN, DISTRIBUCIÓN, ETC.
Lugar de publicación, distribución, etc. Murcia :
Nombre del editor, distribuidor, etc. [s.n.,
Fecha de publicación, distribución, etc. 1972] (
Fabricante Tip. San Francisco)
300 ## - DESCRIPCIÓN FÍSICA
Extensión 45 h. ;
Dimensiones 22 cm.
852 ## - LOCALIZACIÓN
Ubicación ES-MaACL
Número de control de estantería 2081-F-20
Sublocalización o colección R.82047
Holdings
Estatus retirado Estado de pérdida Estado de daño No para préstamo Colección Biblioteca de origen Biblioteca actual Ubicación en estantería Fecha de adquisición Fuente de adquisición Total de préstamos Signatura topográfica completa Código de barras Visto por última vez Precio de reemplazo Tipo de ítem Koha
        Colección de folletos Biblioteca del Ateneo de Madrid Biblioteca del Ateneo de Madrid Depósito folletos 17/01/2008     2081-F-20 1036607 23/02/2023 23/02/2023 Folleto